000
00281nam a2200121Ia 4500
008
191201s2012 xx 000 0 und d
100
_a
KINICKI, Angelo
245
0
_a
Organizational Behavior
260
_a
N. delhi
_b
TMH
_c
2012
300
_a
472
650
_a
BBA
942
_2
ddc
_c
BK
_0
1
999
_c
6261
_d
6261